Welcome to CU Library Online Public Access Catalogue (OPAC)

Prayers for daily use. (Record no. 6125)

MARC details
000 -LEADER
fixed length control field 00417cam a22001571 4500
001 - CONTROL NUMBER
control field 13818032
005 - DATE AND TIME OF LATEST TRANSACTION
control field 20250602111550.0
008 - FIXED-LENGTH DATA ELEMENTS--GENERAL INFORMATION
fixed length control field 041217s1957 xxu 000 0 eng
050 00 - LIBRARY OF CONGRESS CALL NUMBER
Classification number BV260
Item number .M49
100 1# - MAIN ENTRY--PERSONAL NAME
Personal name Miller, Samuel Howard,
Dates associated with a name 1900- [from old catalog]
245 10 - TITLE STATEMENT
Title Prayers for daily use.
250 ## - EDITION STATEMENT
Edition statement [1st ed.]
260 ## - PUBLICATION, DISTRIBUTION, ETC.
Place of publication, distribution, etc. New York,
Name of publisher, distributor, etc. Harper
Date of publication, distribution, etc. [1957]
300 ## - PHYSICAL DESCRIPTION
Extent 128 p. ;
Dimensions 18 cm.
942 ## - ADDED ENTRY ELEMENTS (KOHA)
Source of classification or shelving scheme Library of Congress Classification
Koha item type Books
Suppress in OPAC No
999 ## -
-- 6125
-- 6125
Holdings
Withdrawn status Lost status Source of classification or shelving scheme Damaged status Not for loan Collection Home library Current library Shelving location Date acquired Total checkouts Full call number Barcode Date last seen Copy number Price effective from Koha item type
    Library of Congress Classification     Non-fiction Undergraduate Library (Christ Temple) Undergraduate Library (Christ Temple) General stacks 06/02/2025   BV4811 MIL ulct00002824 06/02/2025 1 06/02/2025 Books
© 2023-2024 Copyright: Central University Libraries. All Rights Reserved | Created by: Mahone Tech Office